Fawn and her family / (Record no. 6795)

MARC details
000 -LEADER
fixed length control field 01185cam a2200373 i 4500
001 - CONTROL NUMBER
control field 6795
003 - CONTROL NUMBER IDENTIFIER
control field FISKH
005 - DATE AND TIME OF LATEST TRANSACTION
control field 20250528142609.0
008 - FIXED-LENGTH DATA ELEMENTS--GENERAL INFORMATION
fixed length control field 110310s2011 ctua j b 001 1 eng
010 ## - LIBRARY OF CONGRESS CONTROL NUMBER
LC control number 2011008744
020 ## - INTERNATIONAL STANDARD BOOK NUMBER
International Standard Book Number 9781607272830 (alk. paper)
020 ## - INTERNATIONAL STANDARD BOOK NUMBER
International Standard Book Number 9781607272847 (alk. paper)
040 ## - CATALOGING SOURCE
Original cataloging agency DLC
Language of cataloging eng
Description conventions rda
Transcribing agency DLC
Modifying agency DLC
050 ## - LIBRARY OF CONGRESS CALL NUMBER
Classification number QL737.U55 G353
082 ## - DEWEY DECIMAL CLASSIFICATION NUMBER
Classification number 813
100 1# - MAIN ENTRY--PERSONAL NAME
Personal name Galvin, Laura Gates,
Dates associated with a name 1963-
Relator term author.
245 10 - TITLE STATEMENT
Title Fawn and her family /
Statement of responsibility, etc. by Laura Gates Galvin.
260 ## - PUBLICATION, DISTRIBUTION, ETC.
Place of publication, distribution, etc. Washington :
Name of publisher, distributor, etc. Palm Publishing,
Date of publication, distribution, etc. 2011
300 ## - PHYSICAL DESCRIPTION
Extent 16 unnumbered pages :
Other physical details color illustrations ;
Dimensions 19 cm
336 ## - CONTENT TYPE
Content type term text
Content type code txt
Source rdacontent
337 ## - MEDIA TYPE
Media type term unmediated
Media type code n
Source rdamedia
338 ## - CARRIER TYPE
Carrier type term volume
Carrier type code nc
Source rdacarrier
490 0# - SERIES STATEMENT
Series statement Baby animals
500 ## - GENERAL NOTE
General note "Smithsonian Institution"--Cover.
505 ## - FORMATTED CONTENTS NOTE
Formatted contents note E<br/>
520 ## - SUMMARY, ETC.
Summary, etc. Join Fawn as she eats green grass, plays with her sister and nuzzles with her Mommy!
521 ## - TARGET AUDIENCE NOTE
Target audience note 160<br/>
Source Lexile estimate <br/>
521 ## - TARGET AUDIENCE NOTE
Target audience note E<br/>
Source Raz-Plus<br/>
650 #0 - SUBJECT ADDED ENTRY--TOPICAL TERM
Topical term or geographic name entry element Fawns
Form subdivision Juvenile literature.
655 #0 - INDEX TERM--GENRE/FORM
Genre/form data or focus term Board books.
906 ## - LOCAL DATA ELEMENT F, LDF (RLIN)
a 7
b cbc
c orignew
d 1
e ecip
f 20
g y-gencatlg
942 ## - ADDED ENTRY ELEMENTS (KOHA)
Source of classification or shelving scheme Dewey Decimal Classification
Koha item type Books
Suppress in OPAC No
Holdings
Withdrawn status Lost status Source of classification or shelving scheme Damaged status Not for loan Collection Home library Current library Shelving location Date acquired Total Checkouts Full call number Barcode Date due Date last seen Date last checked out Copy number Price effective from Koha item type
    Dewey Decimal Classification     Juvenile Fiction Footprints International School Library Network Toul Kork Campus Footprints International School Library Network Toul Kork Campus TK Primary Library Room(4th Floor), Bookcase 7, Shelves 57-60, Dark Green Books 05/28/2025 1 GAL 813 QL737.U55 G353 FISTK02692 04/15/2026 04/01/2026 04/01/2026 1 05/28/2025 Books